000 00427nam a22001457a 4500
005 20180731130934.0
020 _a8184050100
_c625.00
035 _aB-217724, B-217719, B-217733
037 _aDPL
_bENG
100 _aDixit, Anil K.
245 _aPress laws and media ethics /
_cby Anil K. Dixit
260 _aNew Delhi
_bReference Press
_c2006
300 _av, 273p.
_c20 cms.
942 _2ddc
_cEN
_h343.0998
_mDIX
999 _c67180
_d67180